| 000 | 00972nam a22002417a 4500 | ||
|---|---|---|---|
| 005 | 20150408153227.0 | ||
| 010 | _aBAC-EN21 ENG-111761 | ||
| 020 |
_a9788175348752 _c395.00 |
||
| 035 | _aEN-95293 | ||
| 035 | _aB-591827-849 | ||
| 037 |
_bUBH/Ven _adpl |
||
| 037 | _bDBAD/PUB | ||
| 082 | _a340.03 | ||
| 100 | _aChoudhary, Dansingh Suganchand | ||
| 245 |
_aUniversal's English-Hindi legal dictionary / _cby Dansingh Suganchand Choudhary [and] Praveen Kumar Dansingh Choudhary ; introduction by R.C. Lahoti; foreworded by Faizanuddin |
||
| 260 |
_aNew Delhi _bUniversal Law Publishing _c2014(repr.) |
||
| 270 |
_aA-58, G.T. Karnal Road Industrial Area _bDelhi _e110001 |
||
| 300 |
_axx,897p. _c22cm(pbk) |
||
| 500 | _aSupply received revised price Rs. 450.00 | ||
| 700 | _aChoudhary, Praveeen Kumar Dansingh | ||
| 942 |
_2ddc _cEN _mCHO _h340.03 |
||
| 999 |
_c89253 _d89253 |
||